Deutsche Groß- und Mittelstädte - Statistiken

Allgemein
  • Dieses Quiz wurde 329 mal gespielt
  • Das Durchschnittsergebnis liegt bei 193 aus 698
Antwortstatistiken
Einwohner Stadtname % Korrekt
3.755.251 Berlin
95%
1.892.122 Hamburg
93%
1.512.491 München
93%
1.084.831 Köln
92%
555.351 Dresden
90%
58.230 Frankfurt
90%
773.068 Frankfurt am Main
90%
569.396 Bremen
89%
629.047 Düsseldorf
89%
632.865 Stuttgart
89%
601.866 Leipzig
88%
593.317 Dortmund
87%
30.542 Haan
87%
523.026 Nürnberg
87%
584.580 Essen
85%
247.717 Kiel
85%
39.721 Freiberg
83%
236.140 Freiburg
83%
545.045 Hannover
83%
185.750 Potsdam
83%
239.364 Magdeburg
82%
208.400 Rostock
81%
336.465 Bonn
80%
22.114 Heide
80%
315.554 Mannheim
80%
181.959 Saarbrücken
80%
128.928 Ulm
80%
301.033 Augsburg
79%
213.227 Erfurt
79%
217.556 Mainz
79%
115.468 Bremerhaven
78%
308.707 Karlsruhe
78%
283.083 Wiesbaden
78%
252.136 Aachen
77%
502.211 Duisburg
77%
263.000 Gelsenkirchen
77%
320.946 Münster
77%
338.332 Bielefeld
76%
365.742 Bochum
76%
243.105 Chemnitz⁠
76%
92.550 Flensburg
76%
21.970 | 242.083 Halle
76%
110.502 Jena
76%
204.202 Kassel
76%
218.095 Lübeck
76%
95.740 Schwerin
76%
125.961 Wolfsburg
76%
162.243 Darmstadt
75%
99.515 Cottbus
74%
141.029 Ingolstadt
74%
113.638 Koblenz
74%
167.366 Osnabrück
74%
180.849 Hamm
73%
162.273 Heidelberg
73%
157.443 Regensburg
73%
127.810 Würzburg
73%
268.465 Mönchengladbach
71%
210.824 Oberhausen
71%
154.755 Paderborn
71%
110.570 Trier
71%
358.876 Wuppertal
71%
251.804 Braunschweig
70%
131.433 Fürth
70%
99.292 Kaiserslautern
70%
172.830 Oldenburg
70%
172.145 Ludwigshafen
69%
116.562 Erlangen
68%
91.368 Gera
68%
165.748 Leverkusen
68%
79.935 Bamberg
67%
53.907 Passau
67%
21.483 Büren
66%
22.689 Burg
66%
118.946 Göttingen
66%
46.656 Hof
65%
134.170 Offenbach
65%
228.426 Krefeld
64%
72.444 Aschaffenburg
63%
74.506 Bayreuth
63%
189.783 Hagen
63%
85.859 Konstanz
63%
102.560 Siegen
63%
86.592 Zwickau
63%
160.643 Solingen
62%
65.138 Weimar
62%
73.609 Brandenburg
61%
69.968 Fulda
61%
94.146 Gießen
61%
157.368 Herne
61%
101.858 Hildesheim
61%
50.535 Emden
60%
101.364 Hanau
60%
61.043 Neu-Ulm
60%
118.113 Bottrop
59%
76.089 Wilhelmshaven
59%
70.138 Celle
58%
102.393 Gütersloh
58%
77.845 Marburg
58%
127.849 Pforzheim
58%
117.547 Reutlingen
58%
104.548 Salzgitter
58%
112.712 Bergisch Gladbach
57%
55.519 Görlitz
57%
128.334 Heilbronn
57%
95.897 Witten
57%
68.816 Aalen
56%
53.348 Ahlen
56%
154.139 Neuss
56%
83.850 Worms
56%
48.562 Cuxhaven
55%
59.332 Greifswald
55%
50.025 Heidenheim
55%
76.837 Lüneburg
55%
111.734 Recklinghausen
55%
112.613 Remscheid
55%
57.025 Baden-Baden
54%
64.403 Rosenheim
54%
92.811 Tübingen
54%
94.941 Esslingen
53%
172.404 Mülheim
53%
59.171 Stralsund
53%
94.157 Ludwigsburg
52%
105.287 Moers
52%
62.932 Friedrichshafen
51%
54.675 Schweinfurt
51%
93.207 Düren
50%
63.043 Neubrandenburg
50%
45.262 | 53.491 Neustadt
50%
42.297 Homburg
49%
83.076 Minden
49%
41.842 Coburg
48%
42.785 Wismar
48%
75.089 Detmold
47%
41.806 Eisenach
47%
70.056 Kempten
47%
45.857 Memmingen
47%
34.717 Saarlouis
47%
50.565 Speyer
47%
63.372 Plauen
46%
60.892 Unna
46%
42.221 Ansbach
45%
59.053 Göppingen
45%
57.905 Hameln
45%
75.457 Landshut
45%
79.502 Neumünster
45%
61.670 Offenburg
45%
51.482 Ravensburg
45%
92.540 Iserlohn
44%
46.882 Neunkirchen
44%
73.795 Castrop-Rauxel
43%
50.203 Goslar
43%
68.890 Lippstadt
43%
71.865 Lüdenscheid
43%
37.838 Bautzen
42%
25.846 Lindau
42%
25.367 Roth
42%
88.213 Villingen-Schwenningen⁠
42%
71.930 Bocholt
41%
48.195 Dachau
41%
78.385 Delmenhorst
41%
45.099 Gotha
41%
67.277 Rüsselsheim
41%
42.534 Amberg
40%
59.772 Euskirchen
40%
49.876 Lörrach
40%
48.607 Soest
40%
48.353 Stade
40%
21.116 Waren
40%
42.970 Aurich
39%
79.655 Dessau-Roßlau⁠
39%
35.663 Leer
39%
36.053 Limburg
39%
86.868 Lünen
39%
36.117 Meppen
39%
78.208 Viersen
39%
34.091 Zweibrücken
39%
28.080 Meißen
38%
40.054 Pirmasens
38%
87.388 Ratingen
38%
64.995 Sindelfingen
38%
36.601 Sinsheim
38%
54.187 Wetzlar
38%
36.813 Erding
37%
27.482 Garmisch-Partenkirchen⁠
37%
56.542 Lingen
37%
84.331 Marl
37%
40.563 Nordhausen
37%
38.361 Pirna
37%
51.310 Rastatt
37%
33.934 Uelzen
37%
21.582 Xanten
37%
51.695 Bad Kreuznach
36%
51.460 Böblingen
36%
67.459 Herford
36%
39.217 Langen
36%
49.339 Freising
35%
75.889 Gladbeck
35%
38.207 Greven
35%
46.919 Landau
35%
81.880 Norderstedt
35%
51.411 Peine
35%
44.279 Pinneberg
35%
36.054 Suhl
35%
37.458 Tuttlingen
35%
61.330 Wesel
35%
74.323 Arnsberg
34%
54.996 Bad Homburg
34%
25.757 Bingen
34%
40.919 Buxtehude
34%
37.056 Cloppenburg
34%
77.893 Rheine
34%
25.832 Schleswig
34%
67.762 Dinslaken
33%
53.388 Kleve
33%
47.752 Oranienburg
33%
44.653 Rottenburg
33%
39.105 Stendal
33%
30.769 Weil
33%
52.681 Wolfenbüttel
33%
35.172 Deggendorf
32%
64.596 Grevenbroich
32%
60.969 Hürth
32%
32.258 Itzehoe
32%
38.154 Kehl
32%
25.015 Olpe
32%
62.325 Schwäbisch Gmünd
32%
41.898 Schwäbisch Hall
32%
82.445 Velbert
32%
65.147 Dormagen
31%
52.001 Gummersbach
31%
43.058 Kamen
31%
23.313 Quedlinburg
31%
49.164 Straubing
31%
41.461 Eberswalde⁠
30%
29.551 Landsberg
30%
76.251 Troisdorf
30%
43.052 Weiden
30%
37.030 Coesfeld
29%
76.720 Dorsten
29%
45.792 Kaufbeuren
29%
67.239 Kerpen
29%
40.594 Lemgo
29%
39.134 Mettmann
29%
65.137 Neuwied
29%
32.126 Nienburg/Weser
29%
38.556 Papenburg
29%
28.850 Riesa
29%
49.441 Singen
29%
33.769 Vechta
29%
23.037 Bad Kissingen
28%
43.489 Borken
28%
37.695 Fürstenfeldbruck
28%
28.709 Höxter
28%
50.772 Elmshorn
27%
40.457 Halberstadt
27%
54.637 Hattingen
27%
25.818 Kulmbach
27%
36.110 Mühlhausen/Thüringen
27%
42.049 Siegburg
27%
35.102 Steinfurt⁠
27%
45.275 Weinheim
27%
62.376 Bergheim
26%
48.773 Frankenthal
26%
39.316 Freital
26%
22.555 Haar⁠
26%
62.473 Herten
26%
52.421 Ibbenbüren
26%
28.423 Idar-Oberstein
26%
33.158 Jülich
26%
47.228 Melle
26%
32.289 Naumburg
26%
55.242 Nordhorn
26%
29.743 Rendsburg
26%
36.196 Voerde
26%
37.616 Warendorf
26%
30.670 Altenburg
25%
49.477 Bad Oeynhausen
25%
46.587 Bruchsal
25%
43.625 Gifhorn
25%
43.476 Heinsberg
25%
23.735 Husum
25%
55.367 Langenhagen
25%
34.335 Merseburg
25%
25.513 Rottweil
25%
21.251 Traunstein
25%
24.219 Calw
24%
52.811 Frechen
24%
61.349 Garbsen
24%
26.418 Groß-Gerau
24%
26.946 Heppenheim
24%
55.815 Hilden
24%
38.929 Königs Wusterhausen
24%
40.808 Neumarkt
24%
33.743 Radebeul
24%
22.656 Rotenburg
24%
28.772 Saalfeld/Saale
24%
24.517 Zittau
24%
30.652 Bad Hersfeld
23%
44.215 Erkelenz
23%
56.049 Eschweiler
23%
24.301 Freudenstadt
23%
41.907 Kirchheim
23%
49.486 Rheda-Wiedenbrück
23%
56.081 Waiblingen
23%
32.752 Achim
22%
26.604 Aschersleben
22%
54.808 Bad Salzuflen
22%
44.804 Brühl
22%
25.779 Helmstedt
22%
31.326 Hoyerswerda
22%
25.116 Köthen
22%
49.512 Leonberg
22%
57.422 Meerbusch
22%
43.050 Monheim
22%
25.179 Norden
22%
29.440 Northeim
22%
41.227 Schwabach
22%
56.455 Stolberg
22%
25.522 Verl
22%
40.192 Völklingen
22%
32.024 Wernigerode
22%
34.509 Ahrensburg
21%
49.263 Bergkamen
21%
43.685 Bernau
21%
34.008 Biberach
21%
35.760 Crailsheim
21%
47.468 Dülmen
21%
24.125 Eisenhüttenstadt
21%
49.882 Erftstadt
21%
32.972 Forchheim
21%
30.407 | 30.818 Friedberg
21%
49.074 Lahr/Schwarzwald
21%
52.485 Menden
21%
30.051 Merzig
21%
29.252 Mühlheim
21%
41.403 Nürtingen
21%
33.524 Schwedt/Oder
21%
23.741 Starnberg
21%
25.873 Unterhaching⁠
21%
43.755 Bietigheim-Bissingen⁠
20%
28.252 Geilenkirchen
20%
38.117 Haltern
20%
38.521 Ilmenau
20%
44.823 Lehrte
20%
55.530 Pulheim
20%
29.990 Schwandorf
20%
21.808 Soltau
20%
34.945 Balingen
19%
21.507 Eckernförde
19%
46.188 Filderstadt⁠
19%
49.824 Gronau
19%
21.486 Günzburg
19%
29.026 Güstrow
19%
40.265 Löhne
19%
27.814 Lohne
19%
20.103 Neustrelitz
19%
46.658 Schwerte
19%
27.976 Zeitz
19%
37.957 Backnang
18%
35.758 Bad Vilbel
18%
42.089 Bensheim
18%
35.191 Datteln
18%
20.607 Dingolfing
18%
42.260 Dreieich⁠
18%
28.856 Emmendingen
18%
32.646 Fürstenwalde/Spree
18%
41.495 Königswinter
18%
45.535 Lutherstadt Wittenberg
18%
30.467 Neuburg
18%
31.422 Neuruppin
18%
36.374 Porta Westfalica⁠
18%
56.369 Sankt Augustin
18%
36.295 Winsen
18%
40.245 Ahaus
17%
33.445 Bad Nauheim
17%
20.021 Greiz
17%
35.486 Ingelheim
17%
59.783 Langenfeld
17%
26.495 Neckarsulm
17%
21.009 Nördlingen
17%
23.543 Salzwedel
17%
28.723 Schwelm
17%
25.583 St. Wendel
17%
39.041 Weißenfels
17%
30.126 Andernach
16%
26.061 Bad Honnef
16%
28.339 Baunatal
16%
37.333 Beckum
16%
32.261 Bernburg
16%
39.699 Ettlingen
16%
44.806 Falkensee
16%
45.896 Fellbach
16%
32.190 Georgsmarienhütte
16%
28.054 Grimma
16%
48.002 Hennef
16%
44.253 Kaarst
16%
38.665 Kamp-Lintfort
16%
26.027 Lübbecke
16%
39.815 Maintal⁠
16%
24.538 Meiningen
16%
30.025 Meschede
16%
39.287 Neu-Isenburg
16%
47.042 Oberursel
16%
26.943 Pfaffenhofen
16%
30.810 Taunusstein
16%
29.305 Vaihingen
16%
23.056 Weilheim
16%
29.680 Werne
16%
27.550 Wetter
16%
29.245 Winnenden
16%
38.598 Würselen
16%
26.550 Bad Neuenahr-Ahrweiler
15%
24.935 Bad Oldesloe
15%
30.073 Bretten
15%
25.511 Brilon
15%
46.030 Bünde
15%
30.652 Ennepetal
15%
43.856 Erkrath
15%
20.716 Germersheim
15%
21.745 Hockenheim
15%
34.841 Kempen
15%
22.945 Kitzingen
15%
31.838 Oer-Erkenschwick
15%
25.721 Rinteln
15%
24.450 Rudolstadt
15%
25.441 Sangerhausen
15%
27.697 Teltow
15%
28.526 Verden
15%
31.045 Werl
15%
23.196 Wertheim
15%
50.144 Willich
15%
37.894 Bitterfeld-Wolfen⁠
14%
27.402 Butzbach
14%
30.250 Gaggenau
14%
32.336 Geesthacht
14%
35.423 Lage
14%
39.806 Ostfildern⁠
14%
40.204 Schorndorf
14%
23.097 Sonneberg
14%
21.519 Zerbst/Anhalt
14%
46.422 Albstadt⁠
13%
48.328 Alsdorf
13%
22.232 Apolda
13%
27.330 Arnstadt
13%
40.810 Buchholz
13%
29.133 Bühl
13%
24.862 Delitzsch
13%
23.480 Dillenburg
13%
22.431 Donaueschingen
13%
30.728 Einbeck
13%
31.544 Emmerich
13%
36.354 Emsdetten
13%
28.655 Geislingen
13%
23.679 Gelnhausen
13%
26.681 Heiligenhaus
13%
22.758 Herdecke
13%
34.130 Kornwestheim
13%
42.675 Laatzen
13%
43.095 Nettetal
13%
29.644 Oelde
13%
46.426 Rodgau⁠
13%
23.405 Senftenberg
13%
23.098 Überlingen
13%
34.538 Wedel
13%
27.039 Werder
13%
41.689 Wunstorf
13%
32.179 Bramsche
12%
23.232 Döbeln
12%
40.371 Hofheim
12%
23.706 Korbach
12%
26.420 Lauf
12%
20.839 Luckenwalde
12%
28.424 Ludwigsfelde
12%
23.484 Mosbach
12%
32.043 Radolfzell
12%
24.597 Rathenow
12%
33.581 Rheinfelden
12%
35.216 Sankt Ingbert
12%
29.644 Waltrop
12%
20.773 Wittmund
12%
24.448 Attendorn
11%
24.564 Bad Mergentheim
11%
20.255 Bad Schwartau
11%
49.025 Bornheim
11%
20.462 Coswig
11%
34.928 Dietzenbach
11%
34.298 Geldern
11%
41.355 Germering
11%
31.097 Gevelsberg
11%
35.270 Goch
11%
24.404 Herzogenaurach
11%
46.941 Herzogenrath
11%
25.752 Horb
11%
31.197 Kreuztal
11%
27.142 Leimen
11%
40.420 Leinfelden-Echterdingen⁠
11%
20.217 Lichtenfels
11%
21.697 Mühldorf
11%
25.222 Petershagen
11%
22.165 Quickborn
11%
31.150 Rheinberg
11%
28.834 Rödermark⁠
11%
30.389 Schönebeck
11%
22.896 Senden
11%
20.895 Senden⁠
11%
20.885 Sondershausen
11%
34.534 Viernheim
11%
24.605 Waldshut-Tiengen
11%
27.411 Wangen
11%
23.322 Warburg
11%
24.647 Warstein
11%
26.471 Achern
10%
21.908 Aichach
10%
21.738 Bad Harzburg
10%
27.276 Ehingen
10%
20.894 Herborn
10%
23.940 Jüchen
10%
28.048 Leichlingen
10%
26.394 Mühlacker
10%
24.954 Plettenberg
10%
24.838 Sprockhövel
10%
27.741 Sundern
10%
27.049 Wiesloch
10%
21.112 Wipperfürth
10%
21.433 Zossen
10%
21.025 Zülpich
10%
22.976 Bad Salzungen
9%
23.162 Bad Soden
9%
24.302 Bedburg
9%
20.286 Duderstadt
9%
26.728 Hennigsdorf
9%
32.649 Herrenberg
9%
41.301 Hückelhoven⁠
9%
23.538 Kaltenkirchen
9%
32.870 Lampertheim
9%
22.639 Lutherstadt Eisleben
9%
35.291 Mörfelden-Walldorf⁠
9%
27.956 Neukirchen-Vluyn
9%
26.308 Nordenham
9%
28.536 Reinbek
9%
27.102 Rheinbach
9%
26.163 Selm
9%
22.643 Stadthagen
9%
24.293 Staßfurt
9%
24.810 Syke
9%
30.819 Walsrode
9%
27.088 Weinstadt⁠
9%
34.739 Wermelskirchen
9%
26.234 Zirndorf
9%
29.803 Bad Zwischenahn⁠
8%
35.156 Barsinghausen
8%
20.240 Blieskastel
8%
25.145 Ditzingen
8%
25.662 Friedrichsdorf
8%
31.939 Ganderkesee⁠
8%
21.914 Glauchau
8%
23.530 Hann. Münden
8%
28.528 Hattersheim
8%
25.554 Idstein
8%
29.112 Kelkheim
8%
28.232 Kevelaer
8%
34.187 Korschenbroich
8%
25.259 Lüdinghausen
8%
24.643 Markkleeberg
8%
28.567 Mechernich
8%
22.985 Nagold
8%
39.281 Niederkassel
8%
25.307 Obertshausen
8%
25.388 Öhringen
8%
27.927 Olching
8%
30.659 Osterholz-Scharmbeck
8%
25.231 Pfungstadt
8%
20.403 Schifferstadt
8%
22.062 Schwetzingen
8%
34.742 Seelze
8%
21.585 Spremberg
8%
29.113 Springe
8%
27.344 Strausberg
8%
33.952 Stuhr⁠
8%
21.102 Traunreut
8%
25.257 Weingarten
8%
26.322 Weiterstadt
8%
38.192 Wesseling
8%
31.672 Weyhe
8%
32.774 Delbrück
7%
22.054 Gardelegen
7%
25.623 Geretsried
7%
34.024 Hemer
7%
25.352 Lennestadt
7%
22.528 Metzingen
7%
22.222 Radevormwald
7%
24.878 Schmallenberg
7%
21.568 Seligenstadt
7%
21.859 Sonthofen
7%
21.552 Stadtallendorf
7%
24.215 Übach-Palenberg
7%
23.854 Westerstede
7%
25.314 Wiehl
7%
22.356 Bad Rappenau
6%
27.620 Baesweiler
6%
22.622 Büdingen
6%
31.287 Burgdorf
6%
25.678 Ellwangen
6%
22.021 Elsdorf
6%
22.070 Eschborn
6%
20.548 Fröndenberg/Ruhr
6%
31.507 Geestland⁠
6%
27.837 Griesheim
6%
20.215 Haßloch⁠
6%
28.231 Königsbrunn
6%
20.812 Meinerzhagen
6%
21.446 Osterode
6%
26.549 Remseck
6%
29.919 Rietberg
6%
28.889 Rösrath
6%
42.449 Seevetal⁠
6%
20.807 Stadtlohn
6%
29.523 Unterschleißheim
6%
24.397 Varel
6%
20.381 Werdau
6%
21.100 Wülfrath
6%
21.684 Bad Krozingen
5%
20.506 Burgwedel⁠
5%
25.174 Espelkamp
5%
27.248 Hamminkeln
5%
24.498 Haren
5%
25.999 Harsewinkel
5%
28.323 Henstedt-Ulzburg⁠
5%
27.139 Hohen Neuendorf
5%
23.172 Karben
5%
22.980 Lengerich
5%
23.345 Leutkirch
5%
23.688 Limbach-Oberfrohna
5%
21.665 Lindlar⁠
5%
30.846 Lohmar
5%
27.405 Overath
5%
24.209 Riedstadt⁠
5%
25.311 Salzkotten
5%
29.319 Tönisvorst
5%
25.530 Vaterstetten⁠
5%
23.161 Vreden
5%
22.127 Waldkirch
5%
28.074 Wegberg
5%
20.825 Bruchköbel
4%
21.745 Eislingen/Fils
4%
22.226 Eppingen
4%
21.851 Flörsheim
4%
23.274 Gersthofen
4%
21.685 Geseke
4%
21.028 Groß-Umstadt
4%
22.863 Laupheim
4%
24.877 Meckenheim
4%
20.659 Rheinstetten⁠
4%
27.467 Schloß Holte-Stukenbrock
4%
20.797 Schortens
4%
21.125 Schramberg
4%
25.204 Stutensee⁠
4%
22.274 Versmold
4%
21.444 Waghäusel
4%
29.814 Wedemark⁠
4%
20.630 Bad Waldsee
3%
29.159 Blankenfelde-Mahlow⁠
3%
20.705 Enger
3%
22.945 Friesoythe
3%
24.563 Isernhagen⁠
3%
22.069 Karlsfeld
3%
20.341 Kleinmachnow⁠
3%
20.900 Mössingen
3%
23.363 Netphen
3%
20.590 Neufahrn
3%
22.450 Neu Wulmstorf⁠
3%
20.700 Nidderau
3%
22.430 Ottobrunn⁠
3%
23.180 Rastede⁠
3%
21.475 Rees
3%
24.570 Ronnenberg
3%
24.488 Waldkraiburg
3%
22.989 Wallenhorst⁠
3%
24.104 Wandlitz⁠
3%
21.154 Wildeshausen
3%
23.904 Alfter⁠
2%
22.908 Edewecht⁠
2%
21.276 Gauting⁠
2%
22.872 Neusäß
2%
20.854 Panketal⁠
2%
21.420 Puchheim
2%
24.157 Sehnde
2%
20.671 Steinhagen⁠
2%
20.471 Uetze⁠
2%
20.581 Wachtberg⁠
2%
20.766 Hörstel
1%
22.206 Ilsede⁠
1%
24.055 Moormerland⁠
1%
20.661 Schwanewede⁠
1%
21.678 Westoverledingen⁠
1%
Keine übereinstimmenden Quizze gefunden
Verteilung der Resultate
Anzahl Personen mit jedem Resultat
Perzentil nach korrekt beantworteten Fragen
Ihre Resultats-Entwicklung
Sie haben dieses Quiz noch nicht gespielt